00486nam a22001577a 450000500170000000800410001704000070005804100120006508200210007710000270009824500850012526000410021030000260025165000240027770000270030120220720100436.0220719b ||||| |||| 00| 0 eng d cAL aEnglish 223a340.59bDARC aDar Al Kitab Allubnani aConferences of Riyad March 23 1972: On Moslem Doctrine and Human Rights in Islam aBeirutbDar Al Kitab Allubnanic1972 a221 p.bPBc21x14 cm. aConference of Riyad aDAR AL KITAB ALLUBNANI